000 00499cam a2200205 a 4500
020 _a0948549785 (pbk.)
020 _a9780948549786 (pbk.)
040 _cUKM
082 0 0 _a630.3
082 0 0 _a630.3
082 0 0 _a630 PET 1996 A045 Co.
245 0 0 _aDictionary of agriculture /
250 _a2nd ed
260 _aTeddington :
_bPeter Collin,
_c1996
300 _a277 p. :
_bill. ;
_c20 cm
500 _aPrevious ed.: 1990
650 0 _aAgriculture
700 1 _aStephens, Alan,
942 _cEK
999 _c13214
_d13214